00495 2200193 4500001002100000005001500021035002000036007000300056008004100059020002200100082001100122084001700133100002200150245004100172250001100213260003100224300003500255990001100290INLIS00000000001136120220512022009 a0010-0522000077ta220512 a 1 ind  a978-979-099-430-0 a028.53 a028.53 LIS n0 aLISTYOWATI, Anies1 aNami Sakit Cacar /cAnies Listyowati aCet. 1 aJakarta :bErlangga,c2012 a20 hlm :b.ilust ;c22 x 22 cm a13.963